000 00386pam a2200157 a 4500
020 _a978884708533
_c
041 _aeng
082 _a617.3
_bCAV
100 _aCAVIGLIA H.A.,SOLIMENOL P.
245 _aORTHOPEDIC SURGERY IN PATIENTS WITH HEMOPHILLIA
_hTextual Documents
250 _a1.
260 _bSPRINGER
_c2008
300 _a282:
_bXX;
_cHB.
930 _a6716
999 _c801243
_d801243
650 _aORTHO